000 00634nam a2200193 a 4500
005 20240911064358.0
008 991125s1972 bar 000 0 spa u
020 _a8449302285
035 _aUPN01000042691
049 _aCG
050 4 _aJA69 E8
_bH8.68
100 1 _aHuntington, Samuel P.
245 1 3 _aEl orden político en las sociedades en cambio /
_cSamuel P. Huntington ; presentación de la segunda edición de Oscar Oszlak ; tr. de Floreal Mazia.
260 _aBarcelona, Esp. :
_bPaidós,
_c1972.
300 _a404 p.
440 0 _aPaidós estado y sociedad ;
_v5
650 4 _aCiencias políticas
_96023
905 _aLibro
999 _c42691
_d42691